[Event "SR 4. liga A21 2018/2019"]
[Site "?"]
[Date "2019.02.17"]
[Round "9.2"]
[White "Piestansky, Jan"]
[Black "Lanyi, Frantisek"]
[Result "0-1"]
[WhiteElo "1638"]
[BlackElo "1649"]
[PlyCount "70"]
[EventDate "2018.??.??"]
[WhiteTeam "Å K KamenÃ¡r Chtelnica"]
[BlackTeam "ZÅ K VrbovÃ© B"]

1. e4 e5 2. Nf3 Nc6 3. Bc4 Bc5 4. c3 Nf6 5. d3 d6 6. h3 h6 7. O-O O-O 8. Be3
Bb6 9. Bb3 Be6 10. Bc2 Ne7 11. Bxb6 axb6 12. a3 Ng6 13. Kh2 Qd7 14. Ng1 Nf4 15.
Qf3 Nh7 16. h4 f5 17. g3 fxe4 18. dxe4 Qb5 19. Nd2 Nh3 20. Qd3 Qxd3 21. Bxd3
Rxf2+ 22. Rxf2 Nxf2 23. Bc2 Nf6 24. Kg2 N6g4 25. Re1 Rf8 26. Ngf3 d5 27. Bb3
Nd3 28. Rg1 Ne3+ 29. Kh2 Nxb2 30. Bxd5 Nxd5 31. exd5 Bxd5 32. Rf1 Bxf3 33. Rxf3
Rxf3 34. Nxf3 Nc4 35. Nxe5 Nxe5 0-1

[Event "SR 4. liga A21 2018/2019"]
[Site "?"]
[Date "2019.02.17"]
[Round "9.2"]
[White "Madzo, Anton"]
[Black "Pripko, Bystrik"]
[Result "1/2-1/2"]
[WhiteElo "1476"]
[BlackElo "1651"]
[PlyCount "56"]
[EventDate "2018.??.??"]
[WhiteTeam "ZÅ K VrbovÃ© B"]
[BlackTeam "Å K KamenÃ¡r Chtelnica"]

1. d4 d5 2. Nf3 Nf6 3. Nc3 e6 4. e3 Be7 5. Bd3 O-O 6. O-O c5 7. dxc5 Bxc5 8. b3
Nc6 9. Ne2 e5 10. Bb5 e4 11. Nfd4 Nxd4 12. Nxd4 Bd6 13. Be2 Bc7 14. f4 exf3 15.
Bxf3 Qd6 16. g3 Qe5 17. Bd2 Ne4 18. Qe1 Bh3 19. Bg2 Bxg2 20. Kxg2 Nxd2 21. Qxd2
Bb6 22. Qd3 Rad8 23. Rf5 Qe4+ 24. Qxe4 dxe4 25. Rd1 Rfe8 26. c4 a6 27. b4 g6
28. Rff1 h5 1/2-1/2

[Event "SR 4. liga A21 2018/2019"]
[Site "?"]
[Date "2019.02.17"]
[Round "9.2"]
[White "Kupkovic, Miroslav"]
[Black "Krchnak, Rudolf"]
[Result "1/2-1/2"]
[WhiteElo "1733"]
[BlackElo "1652"]
[PlyCount "83"]
[EventDate "2018.??.??"]
[WhiteTeam "Å K KamenÃ¡r Chtelnica"]
[BlackTeam "ZÅ K VrbovÃ© B"]

1. Nf3 d6 2. d4 Nd7 3. Bg5 g6 4. c4 Bg7 5. Qc2 c5 6. d5 Ne5 7. Nxe5 Bxe5 8. Bd2
e6 9. Bc3 Qf6 10. Bxe5 Qxe5 11. Nc3 Ne7 12. Qe4 O-O 13. Qxe5 dxe5 14. e4 Rd8
15. O-O-O Bd7 16. Be2 a6 17. dxe6 Bxe6 18. Rxd8+ Rxd8 19. Rd1 Rxd1+ 20. Kxd1
Bd7 21. Nd5 Nxd5 22. exd5 f5 23. Kd2 Kf7 24. Kc3 a5 25. a3 e4 26. f3 exf3 27.
Bxf3 Kf6 28. b4 axb4+ 29. axb4 b6 30. bxc5 bxc5 31. Bd1 Ke5 32. Kd3 h5 33. g3
f4 34. Bf3 fxg3 35. hxg3 Be8 36. Bd1 g5 37. Ke3 h4 38. gxh4 gxh4 39. Bg4 Bg6
40. Bh3 Bc2 41. Ke2 Bb1 42. Ke3 1/2-1/2

[Event "SR 4. liga A21 2018/2019"]
[Site "?"]
[Date "2019.02.17"]
[Round "9.3"]
[White "Cerovsky, Marian"]
[Black "Sadlon, Juraj"]
[Result "0-1"]
[WhiteElo "1797"]
[BlackElo "1900"]
[PlyCount "126"]
[EventDate "2018.??.??"]
[WhiteTeam "Å O KopÄ�any"]
[BlackTeam "CVÄŒ BrezovÃ¡ pod Bradlom"]

1. e4 e5 2. Nc3 Nf6 3. Nf3 Nc6 4. a4 d6 5. h3 h6 6. Bc4 Be7 7. d3 Be6 8. Bxe6
fxe6 9. Ne2 O-O 10. O-O b6 11. Ng3 Nh7 12. Bd2 Ng5 13. Nxg5 Bxg5 14. c3 Bxd2
15. Qxd2 Qh4 16. Qe2 Rf7 17. Qh5 Qxh5 18. Nxh5 Raf8 19. b4 d5 20. b5 Na5 21.
Rab1 c5 22. Ng3 c4 23. Rbd1 Rd7 24. Rfe1 d4 25. dxc4 Nxc4 26. Nf1 Nb2 27. Rd2
Nxa4 28. cxd4 exd4 29. Red1 e5 30. Rc1 Nc5 31. Re1 Rc7 32. f3 Nb3 33. Rb2 Rc3
34. Kf2 Rfc8 35. Rd1 Rc2+ 36. Rxc2 Rxc2+ 37. Kg3 Rc1 38. Rxc1 Nxc1 39. Kg4 Kf7
40. Kf5 Nd3 41. Nd2 g6+ 42. Kg4 Nf2+ 43. Kg3 Nd1 44. Nc4 Ke6 45. h4 Nc3 46. Na3
Kd6 47. Nc4+ Ke6 48. Na3 d3 49. Nc4 Nxb5 50. f4 exf4+ 51. Kxf4 Nd6 52. Nd2 b5
53. Nb3 g5+ 54. hxg5 hxg5+ 55. Ke3 d2 56. Nxd2 Nc4+ 57. Nxc4 bxc4 58. Kd4 c3
59. Kxc3 Ke5 60. Kd3 g4 61. g3 a5 62. Kc4 Kxe4 63. Kb5 Kf3 0-1

[Event "SR 4. liga A21 2018/2019"]
[Site "?"]
[Date "2019.02.17"]
[Round "9.3"]
[White "Skapikova, Lubica"]
[Black "Moravec, Milan"]
[Result "1-0"]
[WhiteElo "1860"]
[BlackElo "1627"]
[PlyCount "47"]
[EventDate "2018.??.??"]
[WhiteTeam "CVÄŒ BrezovÃ¡ pod Bradlom"]
[BlackTeam "Å O KopÄ�any"]

1. e4 e6 2. d4 d5 3. Nd2 dxe4 4. Nxe4 Nd7 5. Nf3 Ngf6 6. Ng3 Be7 7. Bd3 O-O 8.
O-O b6 9. c3 Bb7 10. Re1 c5 11. Be3 cxd4 12. Bxd4 Bc5 13. Be2 Bxd4 14. Nxd4 Ne4
15. Bf3 Nxg3 16. Bxb7 Rb8 17. Nc6 Qc7 18. Nxb8 Rxb8 19. hxg3 Qxb7 20. Qe2 Nf6
21. Rad1 b5 22. Qe5 Nd5 23. Rxd5 exd5 24. Qe8+ 1-0

[Event "SR 4. liga A21 2018/2019"]
[Site "?"]
[Date "2019.02.17"]
[Round "9.3"]
[White "Damborsky, Pavol"]
[Black "Hanzluvka, Peter"]
[Result "0-1"]
[WhiteElo "1610"]
[BlackElo "1915"]
[PlyCount "70"]
[EventDate "2018.??.??"]
[WhiteTeam "Å O KopÄ�any"]
[BlackTeam "CVÄŒ BrezovÃ¡ pod Bradlom"]

1. e4 c5 2. Nf3 d6 3. Bc4 Nf6 4. Nc3 e6 5. d3 Be7 6. a3 a6 7. h3 Nc6 8. O-O Qc7
9. Nh2 b5 10. Ba2 O-O 11. Ne2 d5 12. exd5 exd5 13. Bf4 Bd6 14. Bxd6 Qxd6 15. b3
Bb7 16. f3 Rad8 17. Qd2 Rfe8 18. Rad1 d4 19. Bb1 Nd5 20. Rf2 Ne3 21. Re1 Ne7
22. Qc1 N7f5 23. c3 Re6 24. cxd4 cxd4 25. Ba2 Rg6 26. Kh1 h5 27. Rg1 Rc8 28.
Qb1 Rc2 29. Nf1 Nxf1 30. Rgxf1 Rxe2 31. Kg1 Rxf2 32. Rxf2 Ne3 33. Kh1 Qg3 34.
Qg1 Nxg2 35. Rxg2 Bxf3 0-1

[Event "SR 4. liga A21 2018/2019"]
[Site "?"]
[Date "2019.02.17"]
[Round "9.3"]
[White "Pericka, Pavol"]
[Black "Dubecky, Ladislav"]
[Result "1-0"]
[WhiteElo "1788"]
[BlackElo "1579"]
[PlyCount "83"]
[EventDate "2018.??.??"]
[WhiteTeam "CVÄŒ BrezovÃ¡ pod Bradlom"]
[BlackTeam "Å O KopÄ�any"]

1. e4 e5 2. Bc4 Nf6 3. Nf3 d6 4. Ng5 d5 5. exd5 Nxd5 6. Nxf7 Kxf7 7. Qf3+ Ke6
8. Nc3 c6 9. O-O b5 10. Bb3 Bb7 11. d4 Qf6 12. Qe2 Kd6 13. Ne4+ Kc7 14. Nxf6
gxf6 15. dxe5 Nd7 16. Bxd5 cxd5 17. exf6 Bd6 18. Bh6 Nxf6 19. Qxb5 Rhg8 20.
Qa5+ Kd7 21. f3 Rg6 22. Be3 h5 23. Rad1 h4 24. Qa4+ Bc6 25. Qxh4 Rag8 26. Rf2
R8g7 27. Qd4 Rh7 28. Bf4 Bxf4 29. Qxf4 Rgh6 30. g4 Ne8 31. Qf5+ Kc7 32. Re1 Nd6
33. Qg5 Nc8 34. f4 Rh4 35. f5 Bd7 36. Rg2 Rh3 37. f6 Nd6 38. Re7 Ne4 39. Qxd5
Rxe7 40. fxe7 Re3 41. Re2 Rxe2 42. Qc4+ 1-0

[Event "SR 4. liga A21 2018/2019"]
[Site "?"]
[Date "2019.02.17"]
[Round "9.3"]
[White "Sprusansky, Ferdinand"]
[Black "Skapik, Branislav"]
[Result "1-0"]
[WhiteElo "1262"]
[BlackElo "1770"]
[PlyCount "87"]
[EventDate "2018.??.??"]
[WhiteTeam "Å O KopÄ�any"]
[BlackTeam "CVÄŒ BrezovÃ¡ pod Bradlom"]

1. e4 e5 2. Nf3 Nc6 3. Bb5 a6 4. Ba4 Nf6 5. Nc3 b5 6. Bb3 Be7 7. a3 d6 8. O-O
Bg4 9. d3 Nd4 10. Be3 Nxb3 11. cxb3 O-O 12. h3 Bh5 13. Bg5 h6 14. Bh4 g5 15.
Bg3 Kh7 16. d4 g4 17. hxg4 exd4 18. gxh5 dxc3 19. bxc3 Nxh5 20. Bh2 Nf6 21. Re1
Ng4 22. e5 Nxh2 23. Qd3+ Kh8 24. Kxh2 Rg8 25. e6 Qf8 26. Qd4+ f6 27. Rh1 Qg7
28. g3 f5 29. Qxg7+ Rxg7 30. Kg2 Rg6 31. Nd4 f4 32. Rae1 fxg3 33. fxg3 Rag8 34.
Nf5 Bg5 35. e7 Re8 36. c4 Kh7 37. g4 Rf6 38. cxb5 axb5 39. Rh3 Kg6 40. a4 bxa4
41. bxa4 Rxf5 42. gxf5+ Kxf5 43. a5 Bd2 44. Rf3+ 1-0

[Event "SR 4. liga A21 2018/2019"]
[Site "?"]
[Date "2019.02.17"]
[Round "9.4"]
[White "Kubis, Ivan"]
[Black "Ulehla, Jakub"]
[Result "0-1"]
[WhiteElo "1883"]
[BlackElo "1674"]
[PlyCount "82"]
[EventDate "2018.??.??"]
[WhiteTeam "Å K Nafta Gbely C"]
[BlackTeam "CVÄŒ Senica B"]

1. e4 c5 2. Nf3 Nc6 3. d4 cxd4 4. Nxd4 g6 5. c4 Bg7 6. Be3 Nf6 7. Nc3 O-O 8.
Be2 d6 9. Rc1 Bd7 10. f3 a5 11. b3 Nxd4 12. Bxd4 Bc6 13. O-O Nd7 14. Nd5 Bxd4+
15. Qxd4 Bxd5 16. cxd5 Nc5 17. Rc2 Qb6 18. Rfc1 Rfc8 19. Rc4 Re8 20. Kf1 Qa7
21. f4 b5 22. R4c2 Reb8 23. g4 b4 24. Rc4 Qb6 25. Rb1 Qd8 26. e5 Qf8 27. g5 Qc8
28. Kg2 a4 29. Kg3 Qf5 30. Rd1 axb3 31. Bg4 Qe4 32. axb3 Qxd4 33. Rdxd4 Nxb3
34. Rxb4 Nxd4 35. Rxd4 Ra3+ 36. Kh4 Kg7 37. Bd7 h5 38. gxh6+ Kxh6 39. exd6 exd6
40. Re4 f5 41. Rc4 Rbb3 0-1

[Event "SR 4. liga A21 2018/2019"]
[Site "?"]
[Date "2019.02.17"]
[Round "9.4"]
[White "Diviak, Rudolf"]
[Black "Kanka, Tomas"]
[Result "1-0"]
[WhiteElo "1786"]
[BlackElo "1714"]
[PlyCount "73"]
[EventDate "2018.??.??"]
[WhiteTeam "CVÄŒ Senica B"]
[BlackTeam "Å K Nafta Gbely C"]

1. e4 e5 2. Bc4 Nf6 3. d3 Be7 4. Nf3 Nc6 5. c3 O-O 6. O-O d6 7. Bb3 h6 8. Re1
Bg4 9. Nbd2 Nh7 10. Nf1 Ng5 11. Ng3 Nxf3+ 12. gxf3 Be6 13. Kh1 Bh4 14. Rg1 Bxg3
15. Rxg3 Qf6 16. Qg1 Bxb3 17. axb3 Ne7 18. Be3 a6 19. Qg2 Ng6 20. Rg1 Kh7 21.
Rg4 Rg8 22. Qg3 c5 23. h4 b6 24. Bg5 Qe6 25. h5 Nf8 26. Bc1 Qf6 27. f4 exf4 28.
Bxf4 Rd8 29. Bc1 Qe5 30. f4 Qxh5+ 31. Rh4 Qg6 32. Qh3 Qf6 33. f5 d5 34. Bg5 Qd6
35. f6 Ng6 36. Rxh6+ gxh6 37. Qxh6# 1-0

[Event "SR 4. liga A21 2018/2019"]
[Site "?"]
[Date "2019.02.17"]
[Round "9.4"]
[White "Mraz, Jan"]
[Black "Hrdlicka, Martin"]
[Result "0-1"]
[WhiteElo "1724"]
[BlackElo "1461"]
[PlyCount "68"]
[EventDate "2018.??.??"]
[WhiteTeam "Å K Nafta Gbely C"]
[BlackTeam "CVÄŒ Senica B"]

1. d4 d5 2. e3 Nf6 3. Bd3 Bg4 4. Ne2 e6 5. O-O c5 6. c3 Nc6 7. f3 Bh5 8. Ng3
Bg6 9. b3 Be7 10. Ba3 b6 11. Bxg6 hxg6 12. Nd2 Bd6 13. f4 cxd4 14. Bxd6 Qxd6
15. exd4 Rc8 16. Rc1 Ne7 17. c4 O-O 18. Rc2 Rfd8 19. Nf3 dxc4 20. bxc4 Qxf4 21.
Ne2 Qd6 22. Ne5 Nf5 23. Rf3 Nxd4 24. Rd3 Qxe5 25. Nxd4 Ng4 26. g3 Ne3 27. Re2
Nxd1 28. Rxe5 Nb2 29. Rb3 Nxc4 30. Nf3 Nxe5 31. Nxe5 Rd2 32. Rf3 Rcc2 33. Rxf7
Rg2+ 34. Kh1 Rge2 0-1

[Event "SR 4. liga A21 2018/2019"]
[Site "?"]
[Date "2019.02.17"]
[Round "9.4"]
[White "Bazovsky, Max"]
[Black "Papanek, Lubomir"]
[Result "0-1"]
[WhiteElo "1321"]
[BlackElo "1593"]
[PlyCount "100"]
[EventDate "2018.??.??"]
[WhiteTeam "CVÄŒ Senica B"]
[BlackTeam "Å K Nafta Gbely C"]

1. d4 Nf6 2. e3 g6 3. c4 d5 4. Nc3 e6 5. Nf3 b6 6. b3 Bg7 7. Bb2 Bb7 8. cxd5
Nxd5 9. Rc1 O-O 10. Be2 Nd7 11. O-O c6 12. Ne4 N7f6 13. Bd3 Nxe4 14. Bxe4 Rc8
15. Qd2 f6 16. Ne1 Ba6 17. Nd3 f5 18. Bf3 Nf6 19. Rxc6 Ne4 20. Rxc8 Nxd2 21.
Rxd8 Nxf3+ 22. gxf3 Rxd8 23. Rd1 Bxd3 24. Rxd3 e5 25. Rd2 exd4 26. Bxd4 Bxd4
27. Rxd4 Rxd4 28. exd4 f4 29. h4 h5 30. Kf1 Kf7 31. Ke2 Ke6 32. a3 Kf5 33. Kf1
b5 34. a4 bxa4 35. bxa4 a5 36. Ke2 g5 37. hxg5 Kxg5 38. Kf1 Kf5 39. Kg2 Ke6 40.
Kh3 Kd5 41. Kh4 Kxd4 42. Kxh5 Kc4 43. Kg5 Kb4 44. Kxf4 Kxa4 45. Kg3 Kb3 46. f4
Kc4 47. f5 Kd5 48. Kg4 Kd6 49. Kg5 Ke7 50. Kg6 Kf8 0-1

[Event "SR 4. liga A21 2018/2019"]
[Site "?"]
[Date "2019.02.17"]
[Round "9.4"]
[White "Hyza, Richard"]
[Black "Valent, Tomas"]
[Result "0-1"]
[WhiteElo "1259"]
[BlackElo "1423"]
[PlyCount "120"]
[EventDate "2018.??.??"]
[WhiteTeam "Å K Nafta Gbely C"]
[BlackTeam "CVÄŒ Senica B"]

1. f4 d5 2. Nf3 Nc6 3. e3 Nf6 4. Be2 e6 5. O-O Bd6 6. b3 Qe7 7. Bb2 e5 8. fxe5
Nxe5 9. Nxe5 Bxe5 10. Nc3 Bd7 11. a4 O-O-O 12. Bf3 Qd6 13. g3 Bc6 14. Qe2 d4
15. Bxc6 Qxc6 16. Nb5 Qxc2 17. Bxd4 Bxd4 18. Nxd4 Qc5 19. Rfc1 Qe5 20. Qc4 Nd5
21. Nb5 a6 22. Nd4 Rhe8 23. Re1 Nb6 24. Qxf7 Rd7 25. Qf4 c5 26. Qxe5 Rxe5 27.
Nf3 Rf5 28. Kg2 g5 29. g4 Rf8 30. d4 cxd4 31. exd4 Rf4 32. Kg3 Rc7 33. Rac1
Rxc1 34. Rxc1+ Kd7 35. Rd1 Nd5 36. Nxg5 h6 37. Nh3 Re4 38. Rd3 Nb4 39. Kf3 Nxd3
40. Kxe4 Nc1 41. b4 Na2 42. Kf5 Nxb4 43. Kg6 b5 44. axb5 axb5 45. Kxh6 Nd5 46.
Nf2 b4 47. Nd3 b3 48. Kg6 Nf4+ 49. Nxf4 b2 50. Kf6 b1=Q 51. g5 Ke8 52. Ne6 Qf1+
53. Ke5 Qe2+ 54. Kd6 Kf7 55. d5 Qxh2+ 56. Kd7 Qe5 57. g6+ Kxg6 58. d6 Kf6 59.
Nd8 Qc5 60. Nb7 Qb5+ 0-1

[Event "SR 4. liga A21 2018/2019"]
[Site "?"]
[Date "2019.02.17"]
[Round "9.5"]
[White "Hrubsa, Marian"]
[Black "Zlamal, Marek"]
[Result "1/2-1/2"]
[WhiteElo "1898"]
[BlackElo "1855"]
[PlyCount "86"]
[EventDate "2018.??.??"]
[WhiteTeam "Å K Skalica C"]
[BlackTeam "Å achovÃ½ klub HolÃ­Ä� B"]

1. e4 e5 2. Nf3 Nc6 3. Bb5 d6 4. O-O Be7 5. d4 exd4 6. Nxd4 Bd7 7. c3 Nxd4 8.
Bxd7+ Qxd7 9. cxd4 Nf6 10. Nc3 O-O 11. f4 d5 12. e5 Ne4 13. f5 Nxc3 14. bxc3
Rfe8 15. Qd3 c5 16. Rf3 f6 17. e6 Qc7 18. Rh3 Bd6 19. Qf3 g6 20. Bh6 cxd4 21.
cxd4 Bf8 22. Qxd5 Rad8 23. Qb3 Re7 24. fxg6 hxg6 25. Bxf8 Kxf8 26. Rh8+ Kg7 27.
Rxd8 Qxd8 28. d5 Rc7 29. Qg3 Rc5 30. d6 Re5 31. Qb3 Qxd6 32. Qxb7+ Kh6 33. Qxa7
Qxe6 34. Qf2 Re2 35. Qh4+ Kg7 36. Rb1 Qd5 37. Qg3 Rxa2 38. Qc7+ Kh6 39. Qg3
Qd4+ 40. Kh1 Ra1 41. Qh3+ Kg7 42. Qb3 Qd5 43. Qc2 Rxb1+ 1/2-1/2

[Event "SR 4. liga A21 2018/2019"]
[Site "?"]
[Date "2019.02.17"]
[Round "9.5"]
[White "Vach, Jozef"]
[Black "Vepy, Ivan"]
[Result "1-0"]
[WhiteElo "1688"]
[BlackElo "1838"]
[PlyCount "83"]
[EventDate "2018.??.??"]
[WhiteTeam "Å achovÃ½ klub HolÃ­Ä� B"]
[BlackTeam "Å K Skalica C"]

1. e4 e5 2. Nf3 Nc6 3. Bb5 a6 4. Ba4 b5 5. Bb3 d6 6. c3 Na5 7. Bc2 Bg4 8. d4
exd4 9. cxd4 Nc6 10. a3 Nge7 11. Be3 Ng6 12. h3 Bd7 13. Nbd2 Be7 14. Nf1 O-O
15. Ng3 Rc8 16. Qd2 Nh4 17. Nxh4 Bxh4 18. Nf5 Bf6 19. f3 Bxf5 20. exf5 Re8 21.
O-O-O b4 22. Ba4 bxa3 23. Bxc6 axb2+ 24. Kb1 Rb8 25. g4 Qe7 26. g5 d5 27. Bxe8
Qa3 28. gxf6 Rb3 29. Rhe1 Qa1+ 30. Kc2 b1=Q+ 31. Rxb1 Qa2+ 32. Kd1 Rxb1+ 33.
Ke2 Rb2 34. Rc1 Rxd2+ 35. Bxd2 gxf6 36. Rxc7 Kf8 37. Bxf7 a5 38. Be6 a4 39. Rc5
Qb2 40. Kd3 a3 41. Bh6+ Ke7 42. Rc7+ 1-0

[Event "SR 4. liga A21 2018/2019"]
[Site "?"]
[Date "2019.02.17"]
[Round "9.5"]
[White "Bartos, Bohumil"]
[Black "Stehlik, Jan"]
[Result "0-1"]
[WhiteElo "1559"]
[BlackElo "1614"]
[PlyCount "42"]
[EventDate "2018.??.??"]
[WhiteTeam "Å K Skalica C"]
[BlackTeam "Å achovÃ½ klub HolÃ­Ä� B"]

1. d4 e6 2. Bf4 Nf6 3. e3 d5 4. c3 c5 5. Nd2 Nc6 6. Ngf3 Nh5 7. Bg5 f6 8. Bh4
g5 9. Nxg5 Ng7 10. Ngf3 c4 11. b3 cxb3 12. axb3 Bd6 13. Bd3 Bd7 14. O-O O-O 15.
Qc2 h6 16. Bh7+ Kh8 17. Qg6 Nf5 18. Bg8 Qe7 19. g4 Be8 20. Qh7+ Qxh7 21. Bxh7
Nxh4 0-1

[Event "SR 4. liga A21 2018/2019"]
[Site "?"]
[Date "2019.02.17"]
[Round "9.5"]
[White "Svrcek, Daniel"]
[Black "Danihel, Jozef"]
[Result "1/2-1/2"]
[WhiteElo "1318"]
[BlackElo "1531"]
[PlyCount "49"]
[EventDate "2018.??.??"]
[WhiteTeam "Å achovÃ½ klub HolÃ­Ä� B"]
[BlackTeam "Å K Skalica C"]

1. e4 d5 2. exd5 Nf6 3. Nc3 Nxd5 4. Nxd5 Qxd5 5. Nf3 Bg4 6. Be2 Nc6 7. O-O e6
8. c3 Be7 9. d4 O-O 10. Bf4 Qd8 11. Ne5 Nxe5 12. Bxg4 Ng6 13. Bg3 f5 14. Bh3 f4
15. Bxe6+ Kh8 16. Qb3 fxg3 17. fxg3 Bf6 18. Rae1 Qd6 19. Re2 Rae8 20. Rfe1 b6
21. Qd5 Rxe6 22. Qxe6 Qd8 23. Qe8 Qd5 24. Qe6 Qb5 25. Qe8 1/2-1/2

[Event "SR 4. liga A21 2018/2019"]
[Site "?"]
[Date "2019.02.17"]
[Round "9.5"]
[White "Romanova, Ela"]
[Black "Sefcik, Oliver"]
[Result "0-1"]
[WhiteElo "1359"]
[BlackElo "1136"]
[PlyCount "72"]
[EventDate "2018.??.??"]
[WhiteTeam "Å K Skalica C"]
[BlackTeam "Å achovÃ½ klub HolÃ­Ä� B"]

1. e4 d5 2. exd5 Qxd5 3. Nc3 Qa5 4. Bc4 Nf6 5. d3 c6 6. Nf3 Bg4 7. Bd2 Nbd7 8.
d4 e6 9. O-O Be7 10. Qe2 O-O 11. Rad1 Qd8 12. Rfe1 Re8 13. Ne4 Nb6 14. Bd3 Bxf3
15. Qxf3 Qxd4 16. c3 Qd7 17. Qh3 Nxe4 18. Rxe4 g6 19. Bc2 Rad8 20. Qf3 Qc7 21.
Bc1 Rxd1+ 22. Qxd1 Rd8 23. Qf3 Nd5 24. Rd4 Qe5 25. Qd1 Bc5 26. Re4 Qf6 27. Qe2
Bd6 28. h4 h5 29. Bg5 Qg7 30. Bxd8 Qf8 31. Bg5 Nc7 32. Rd4 f6 33. Bc1 e5 34.
Bxg6 exd4 35. Qxh5 Qe7 36. Bh6 Qe1# 0-1

[Event "SR 4. liga A21 2018/2019"]
[Site "?"]
[Date "2019.02.17"]
[Round "9.6"]
[White "Podjavorinsky, Michal"]
[Black "Vodicka, Michal"]
[Result "1/2-1/2"]
[WhiteElo "1895"]
[BlackElo "1935"]
[PlyCount "58"]
[EventDate "2018.??.??"]
[WhiteTeam "ZÅ K VrbovÃ© A"]
[BlackTeam "Å K KÃºpele PieÅ¡Å¥any C"]

1. e4 c5 2. Nf3 e6 3. d4 cxd4 4. Nxd4 Nc6 5. Nc3 Nf6 6. f3 Bb4 7. Qd3 d5 8.
Nxc6 bxc6 9. e5 Nd7 10. f4 c5 11. Bd2 Bxc3 12. Bxc3 Bb7 13. Qd2 a5 14. b3 O-O
15. Bb5 d4 16. O-O dxc3 17. Qxd7 Qb6 18. Rad1 Bd5 19. Bc4 Rfd8 20. Qb5 Qc7 21.
Bxd5 exd5 22. Qd3 d4 23. Qc4 Rab8 24. a3 Rb6 25. Rf3 $11 Rg6 26. f5 Rh6 27. Re1
Re8 28. Qd5 Rd8 29. Qc4 Re8 1/2-1/2

[Event "SR 4. liga A21 2018/2019"]
[Site "?"]
[Date "2019.02.17"]
[Round "9.6"]
[White "Orvisky, Vladimir"]
[Black "Kincel, Jan"]
[Result "1-0"]
[WhiteElo "1745"]
[BlackElo "1915"]
[PlyCount "78"]
[EventDate "2018.??.??"]
[WhiteTeam "Å K KÃºpele PieÅ¡Å¥any C"]
[BlackTeam "ZÅ K VrbovÃ© A"]

1. c4 Nf6 2. Nc3 g6 3. d4 Bg7 4. e4 d6 5. Nf3 O-O 6. Be2 e5 7. dxe5 dxe5 8.
Qxd8 Rxd8 9. Bg5 h6 10. Bxf6 Bxf6 11. Nd5 Rxd5 12. cxd5 Nd7 13. Rc1 Bd8 14. Bb5
f6 15. Ke2 g5 16. Rhd1 Kf7 17. Bc4 Ke7 18. Bb3 Nf8 19. Nd2 Ng6 20. g3 Bd7 21.
Ke3 Nh8 22. Nc4 Nf7 23. Rd2 Nd6 24. Nxd6 Kxd6 25. f4 g4 26. f5 Be7 27. Rh1 Rg8
28. h3 Bf8 29. Rdh2 Bb5 30. hxg4 Rxg4 31. Kf3 Rg5 32. Rxh6 Bxh6 33. Rxh6 Ke7
34. Rh7+ Kd8 35. Rf7 Rh5 36. Rxf6 Rh2 37. Re6 Rxb2 38. Rxe5 a5 39. f6 Be8 1-0

[Event "SR 4. liga A21 2018/2019"]
[Site "?"]
[Date "2019.02.17"]
[Round "9.6"]
[White "Miciak, Emanuel"]
[Black "Strapko, Tomas"]
[Result "0-1"]
[WhiteElo "1853"]
[BlackElo "1871"]
[PlyCount "92"]
[EventDate "2018.??.??"]
[WhiteTeam "ZÅ K VrbovÃ© A"]
[BlackTeam "Å K KÃºpele PieÅ¡Å¥any C"]

1. d4 Nf6 2. c4 g6 3. Nc3 d5 4. e3 Bg7 5. Nf3 O-O 6. Bd3 dxc4 7. Bxc4 c5 8. O-O
Bg4 9. Be2 Nc6 10. dxc5 Qa5 11. Qb3 Qxc5 12. Na4 Qd6 13. Rd1 Qb8 14. Bd2 Ne4
15. Be1 Ne5 16. Nd4 b5 17. Nc3 Nxc3 18. Bxc3 a5 19. Bxg4 Nxg4 20. Nf3 a4 21.
Qb4 Bxc3 22. Qxc3 b4 23. Qd4 Nf6 24. Qc5 Ra7 25. Rac1 Ne4 26. Qd5 Nf6 27. Qc6
Rd8 28. Rxd8+ Qxd8 29. Qc5 Rd7 30. Nd4 Ne4 31. Qe5 Nf6 32. Qb5 Rc7 33. Rd1 a3
34. bxa3 bxa3 35. Qb3 Qc8 36. Qxa3 Qd7 37. Qb3 Rb7 38. Qc2 Rc7 39. Qe2 Qa4 40.
Ra1 Ne4 41. Qb5 Qa8 42. Qe5 Qxa2 43. Ne2 Rb7 44. Rc1 Nd6 45. Qa1 Qxe2 46. Qa8+
Kg7 0-1

[Event "SR 4. liga A21 2018/2019"]
[Site "?"]
[Date "2019.02.17"]
[Round "9.6"]
[White "Siska, Kristof"]
[Black "Jancovicova, Petra"]
[Result "1-0"]
[WhiteElo "1767"]
[BlackElo "1652"]
[PlyCount "45"]
[EventDate "2018.??.??"]
[WhiteTeam "Å K KÃºpele PieÅ¡Å¥any C"]
[BlackTeam "ZÅ K VrbovÃ© A"]

1. e4 e6 2. d4 d5 3. Nd2 Nf6 4. e5 Nfd7 5. Bd3 c5 6. c3 Nc6 7. Ne2 cxd4 8. cxd4
Be7 9. O-O Qb6 10. Nb3 a5 11. Be3 f6 12. Nf4 Nd8 13. Qh5+ Nf7 14. Qg4 Ng5 15.
h4 Nf7 16. Qxe6 Qd8 17. Nxd5 Ndxe5 18. Bb5+ Nd7 19. Nc5 Nd6 20. Bxd7+ Bxd7 21.
Nxd7 Qxd7 22. Qxd7+ Kxd7 23. Nb6+ 1-0

[Event "SR 4. liga A21 2018/2019"]
[Site "?"]
[Date "2019.02.17"]
[Round "9.6"]
[White "Smrek, Peter"]
[Black "Stolar, Michal"]
[Result "0-1"]
[WhiteElo "1698"]
[BlackElo "1566"]
[PlyCount "70"]
[EventDate "2018.??.??"]
[WhiteTeam "ZÅ K VrbovÃ© A"]
[BlackTeam "Å K KÃºpele PieÅ¡Å¥any C"]

1. c4 e6 2. Nc3 Nf6 3. g3 Na6 4. Bg2 c6 5. b3 Be7 6. Bb2 O-O 7. a3 b6 8. Nf3
Bb7 9. Qc2 d5 10. Ne5 Qc7 11. f4 Rad8 12. Nd1 d4 13. Nf2 c5 14. Ne4 Nxe4 15.
Bxe4 f5 16. Bxb7 Qxb7 17. Nf3 Bf6 18. d3 Rfe8 19. Kf2 e5 20. fxe5 Bxe5 21. Nxe5
Rxe5 22. Rhe1 Rde8 23. Bc1 Qe7 24. Bf4 Re6 25. Qd2 Qf7 26. Ra2 h6 27. h4 Qe7
28. b4 cxb4 29. axb4 Nxb4 30. Rxa7 Nxd3+ 31. Qxd3 Qxa7 32. Qxd4 Qa5 33. e3 Kh7
34. Rb1 Rc6 35. Qd5 Qa2+ 0-1

[Event "SR 4. liga A21 2018/2019"]
[Site "?"]
[Date "2019.03.03"]
[Round "10.1"]
[White "Wallner, Juraj"]
[Black "Vodicka, Michal"]
[Result "1/2-1/2"]
[WhiteElo "1592"]
[BlackElo "1936"]
[PlyCount "97"]
[EventDate "2018.??.??"]
[WhiteTeam "Å K Å tefanov"]
[BlackTeam "Å K KÃºpele PieÅ¡Å¥any C"]

1. e4 c5 2. Nf3 e6 3. d4 cxd4 4. Nxd4 Nc6 5. Nxc6 bxc6 6. Bd3 d5 7. O-O Nf6 8.
exd5 cxd5 9. Re1 Be7 10. Nc3 O-O 11. Qf3 Rb8 12. Rb1 d4 13. Ne4 Nxe4 14. Bxe4
f5 15. Bd3 Bf6 16. Bc4 Qa5 17. Bf4 Rxb2 18. Qe2 Rxb1 19. Rxb1 h6 20. Bxe6+ Bxe6
21. Qxe6+ Kh7 22. Bd6 Rd8 23. h3 Rxd6 24. Qxd6 Qxa2 25. Rb7 Kg6 26. Qg3+ Kh7
27. Qd3 Qa5 28. Rb5 Qe1+ 29. Kh2 Be5+ 30. g3 Qxf2+ 31. Kh1 Bxg3 32. Qxf5+ Qxf5
33. Rxf5 Be1 34. Kg2 Kg6 35. Rb5 a5 36. Rb3 Bc3 37. Kf3 Kf5 38. Rb5+ Ke6 39.
Rb3 Kd5 40. Ke2 Kc5 41. Rb7 Kd5 42. Kd1 Kc4 43. Kc1 d3 44. Rc7+ Kb4 45. cxd3
Kb3 46. Rb7+ Bb4 47. Rxg7 a4 48. Ra7 a3 49. Kb1 1/2-1/2

[Event "SR 4. liga A21 2018/2019"]
[Site "?"]
[Date "2019.03.03"]
[Round "10.1"]
[White "Bzdusek, Jan"]
[Black "Tomasovic, Roman"]
[Result "1-0"]
[WhiteElo "1800"]
[BlackElo "1547"]
[PlyCount "81"]
[EventDate "2018.??.??"]
[WhiteTeam "Å K KÃºpele PieÅ¡Å¥any C"]
[BlackTeam "Å K Å tefanov"]

1. d4 d5 2. c4 e6 3. Nc3 Bb4 4. Nf3 Nf6 5. Bg5 Nbd7 6. e3 h6 7. Bh4 g5 8. Bg3
Ne4 9. Rc1 c6 10. Bd3 Nxg3 11. fxg3 Qe7 12. O-O Bxc3 13. Rxc3 Nf6 14. Ne5 Rf8
15. Qf3 Nd7 16. cxd5 Nxe5 17. dxe5 exd5 18. Qf6 Qxf6 19. Rxf6 Bd7 20. Rxh6
O-O-O 21. Rh5 Rg8 22. Rh7 Be6 23. Ra3 a6 24. Ra4 Rd7 25. h4 g4 26. Rf4 c5 27.
Bf5 d4 28. Bxe6 fxe6 29. Rxd7 Kxd7 30. exd4 c4 31. Kf2 b5 32. Ke3 Kc6 33. Ke4
b4 34. Rf6 Rc8 35. Rxe6+ Kb5 36. Rf6 c3 37. bxc3 bxc3 38. Rf1 Kc4 39. d5 Rc5
40. e6 Rxd5 41. e7 1-0